000 00320nam a22001337a 4500
008 250314b |||||||| |||| 00| 0 eng d
020 _a9732120405
050 _aHD1410
_b.I57
100 _aCBN
245 _aImpact of Structural Adjustment Programme
260 _aOndo
_bCBN Niser
_c1992
300 _a190p.
942 _cBK
999 _c2356
_d2356